[Event "Coupe 2000"]
[Site "Saint Quentin"]
[Date "2019.06.30"]
[Round "5.1"]
[White "Touzeau, Maxime"]
[Black "Dubuisson, Samuel"]
[Result "0-1"]
[WhiteElo "1939"]
[BlackElo "1995"]
[PlyCount "106"]
[EventDate "2019.06.29"]
[EventType "team-match"]
[EventRounds "5"]
[EventCountry "FRA"]
[SourceTitle "EXT 2020"]
[Source "ChessBase"]
[SourceDate "2019.10.17"]
[SourceVersion "1"]
[SourceVersionDate "2019.10.17"]
[SourceQuality "1"]

1. d4 d5 2. Nf3 Nf6 3. g3 e6 4. Bg2 Be7 5. 0-0 0-0 6. Nbd2 c5 7. dxc5 Nc6 8. c3 a5 9. Nd4 Bxc5 10. N2b3 Be7 11. a4 e5 12. Nb5 Bf5 13. Bg5 Ne4 14. Bxe7 Qxe7 15. Nd2 Nf6 16. Qb3 Rfd8 17. Rfe1 d4 18. Nc4 Be6 19. Nba3 e4 20. Qc2 Qc5 21. b3 Bf5 22. e3 d3 23. Qb2 Bg4 24. Nd2 Re8 25. Nb5 Qh5 26. Nd6 Bh3 27. N6xe4 Nxe4 28. Nxe4 Bxg2 29. Kxg2 Rxe4 30. f3 Re6 31. h3 Rd8 32. Rad1 Red6 33. Rd2 Qc5 34. e4 b5 35. axb5 Qxb5 36. c4 Qe5 37. Qxe5 Nxe5 38. f4 Nc6 39. e5 R6d7 40. Red1 Nb4 41. Kf3 Kf8 42. Ra1 Ra7 43. Ke4 Ke7 44. g4 f6 45. f5 fxe5 46. Kxe5 Kf7 47. Ra4 Re7+ 48. Kf4 Re2 49. Rd1 d2 50. Rxa5 Re1 51. Ra7+ Kf8 52. Raa1 Nd3+ 53. Kf3 Nc1 0-1

[Event "Agneaux St Lo op-B 14th"]
[Site "Agneaux"]
[Date "2012.07.11"]
[Round "6.2"]
[White "Mostertman, Milan"]
[Black "Touzeau, Maxime"]
[Result "1-0"]
[WhiteElo "2248"]
[BlackElo "1950"]
[PlyCount "47"]
[EventDate "2012.07.08"]
[EventType "swiss"]
[EventRounds "8"]
[EventCountry "FRA"]
[SourceTitle "EXT 2014"]
[Source "ChessBase"]
[SourceDate "2013.11.20"]
[SourceVersion "1"]
[SourceVersionDate "2013.11.20"]
[SourceQuality "1"]

1. e4 c6 2. d4 d5 3. e5 Bf5 4. h4 h5 5. c4 e6 6. Nc3 Be7 7. Nf3 Nd7 8. cxd5 cxd5 9. Bd3 Bxd3 10. Qxd3 Bb4 11. 0-0 Bxc3 12. Qxc3 Ne7 13. Bg5 Nb6 14. Rac1 Qd7 15. Qa3 Nc6 16. b3 a5 17. Rc3 Nc8 18. Rfc1 N8a7 19. Qc5 Rc8 20. a3 b5 21. b4 axb4 22. axb4 Nd8 23. Qxc8 Nxc8 24. Rxc8 1-0

[Event "Avoine op 24th"]
[Site "Avoine"]
[Date "2009.07.25"]
[Round "8"]
[White "Hirth, Julien"]
[Black "Touzeau, Maxime"]
[Result "0-1"]
[WhiteElo "2082"]
[BlackElo "1871"]
[PlyCount "76"]
[EventDate "2009.07.18"]
[EventType "swiss"]
[EventRounds "9"]
[EventCountry "FRA"]
[SourceTitle "CBM 131 Extra"]
[Source "ChessBase"]
[SourceDate "2009.09.03"]
[SourceVersion "2"]
[SourceVersionDate "2009.09.16"]
[SourceQuality "1"]

1. d4 c5 2. d5 Nf6 3. c4 b5 4. Nf3 d6 5. Qc2 g6 6. e4 bxc4 7. Bxc4 Bg7 8. Nc3 Nbd7 9. 0-0 0-0 10. Re1 Ng4 11. Bg5 Re8 12. Rad1 Rb8 13. Bf1 Qb6 14. Na4 Qb7 15. h3 Nge5 16. Nd2 Nb6 17. Nxb6 Qxb6 18. f4 c4+ 19. Kh2 Nd3 20. Bxd3 cxd3 21. Qxd3 Ba6 22. Qg3 Qxb2 23. Bxe7 Bc3 24. Qg5 f6 25. Qg4 Rxe7 26. Rb1 Bxd2 27. Rxb2 Rxb2 28. Rd1 Rxe4 29. Rxd2 Rxd2 30. Qd7 Ree2 31. Qd8+ Kg7 32. Kg3 Rxg2+ 33. Kf3 Rgf2+ 34. Kg3 Rfe2 35. Qxd6 Rd3+ 36. Kh4 Ree3 37. Qc7+ Kh6 38. f5 Rd4+ 0-1

[Event "Avoine op 24th"]
[Site "Avoine"]
[Date "2009.07.24"]
[Round "7"]
[White "Touzeau, Maxime"]
[Black "Gallois, Jerome"]
[Result "1-0"]
[WhiteElo "1871"]
[BlackElo "2025"]
[PlyCount "65"]
[EventDate "2009.07.18"]
[EventType "swiss"]
[EventRounds "9"]
[EventCountry "FRA"]
[SourceTitle "CBM 131 Extra"]
[Source "ChessBase"]
[SourceDate "2009.09.03"]
[SourceVersion "2"]
[SourceVersionDate "2009.09.16"]
[SourceQuality "1"]

1. d4 f5 2. e4 fxe4 3. Nc3 g6 4. Nxe4 Bg7 5. h4 d5 6. Ng3 Nc6 7. c3 Qd6 8. h5 Bd7 9. Nf3 0-0-0 10. Be2 e5 11. 0-0 e4 12. Ng5 Nh6 13. b4 Rde8 14. Be3 Qf6 15. b5 Ne7 16. N5xe4 dxe4 17. Nxe4 Qb6 18. d5 Qa5 19. d6 Nef5 20. Bf3 Nxe3 21. fxe3 Nf5 22. Nc5 c6 23. Nxb7 Qb6 24. bxc6 Bxc6 25. Rb1 Qxe3+ 26. Rf2 Kd7 27. Bxc6+ Kxc6 28. Qa4+ Kd5 29. Rd1+ Ke5 30. d7 Rb8 31. d8Q Rhxd8 32. Nxd8 Rb2 33. Qe8+ 1-0

[Event "FRA-ch U16"]
[Site "Aix les Bains"]
[Date "2009.04.19"]
[Round "1"]
[White "Touzeau, Maxime"]
[Black "Song, Julien"]
[Result "0-1"]
[WhiteElo "1876"]
[BlackElo "2318"]
[PlyCount "120"]
[EventDate "2009.04.19"]
[EventType "swiss"]
[EventRounds "9"]
[EventCountry "FRA"]
[SourceTitle "CBM 130 Extra"]
[Source "ChessBase"]
[SourceDate "2009.07.02"]
[SourceVersion "2"]
[SourceVersionDate "2009.07.15"]
[SourceQuality "1"]

1. e4 e6 2. d4 d5 3. exd5 exd5 4. Bd3 Nc6 5. c3 Bd6 6. Ne2 Qf6 7. a4 Nge7 8. 0-0 h5 9. f4 Bf5 10. b4 h4 11. Na3 Bxd3 12. Qxd3 Qf5 13. Qf3 a6 14. Ra2 Qh5 15. Nc2 Qxf3 16. Rxf3 Nf5 17. Ne3 Nce7 18. Kf2 Kd7 19. Nxf5 Nxf5 20. Ng1 c6 21. a5 g6 22. Be3 Be7 23. Ne2 Nd6 24. Rc2 Ne4+ 25. Kf1 Rhb8 26. Nc1 b6 27. axb6 Rxb6 28. Nd3 f6 29. Bf2 a5 30. bxa5 Rxa5 31. Bxh4 Rb1+ 32. Be1 Ra3 33. Nf2 Nd6 34. Ke2 Nc4 35. f5 g5 36. g3 Raa1 37. Nd3 Na3 38. Rd2 Rb3 39. Rd1 Nb1 40. Nc1 Rb2+ 41. Kd3 Na3 42. h4 gxh4 43. gxh4 Nc4 44. Rf2 Rxf2 45. Bxf2 Nb2+ 46. Kc2 Nxd1 47. Kxd1 Ba3 48. Be3 Bxc1 49. Bxc1 Ra2 50. Bd2 Ra1+ 51. Bc1 Ke7 52. h5 Kf7 53. h6 Kg8 54. Kc2 Kh7 55. Be3 Re1 56. Kd3 Rf1 57. c4 Rxf5 58. cxd5 cxd5 59. Ke2 Kg6 60. Kd3 Rh5 0-1

[Event "Avoine op 23rd"]
[Site "Avoine"]
[Date "2008.07.24"]
[Round "6"]
[White "Touzeau, Maxime"]
[Black "Vingerhoets, Luc"]
[Result "1/2-1/2"]
[WhiteElo "1879"]
[BlackElo "2077"]
[PlyCount "32"]
[EventDate "2008.07.19"]
[EventType "swiss"]
[EventRounds "9"]
[EventCountry "FRA"]
[SourceTitle "CBM 125 Extra"]
[Source "ChessBase"]
[SourceDate "2008.09.01"]
[SourceVersion "1"]
[SourceVersionDate "2008.09.01"]
[SourceQuality "1"]

1. e4 d6 2. d4 Nf6 3. Nc3 Nbd7 4. Be3 e5 5. Nf3 Be7 6. Bc4 0-0 7. 0-0 Ng4 8. Nd5 Nxe3 9. Nxe3 exd4 10. Nxd4 Nc5 11. f3 Bf6 12. Nd5 Bxd4+ 13. Qxd4 Ne6 14. Qd2 c6 15. Ne3 Qb6 16. c3 Nc7 1/2-1/2

[Event "Avoine op 23rd"]
[Site "Avoine"]
[Date "2008.07.21"]
[Round "3"]
[White "Caroff, Frederic"]
[Black "Touzeau, Maxime"]
[Result "1/2-1/2"]
[WhiteElo "2084"]
[BlackElo "1879"]
[PlyCount "116"]
[EventDate "2008.07.19"]
[EventType "swiss"]
[EventRounds "9"]
[EventCountry "FRA"]
[SourceTitle "CBM 125 Extra"]
[Source "ChessBase"]
[SourceDate "2008.09.01"]
[SourceVersion "1"]
[SourceVersionDate "2008.09.01"]
[SourceQuality "1"]

1. e4 c5 2. d4 cxd4 3. c3 e6 4. cxd4 d5 5. e5 Nc6 6. Nf3 Qb6 7. a3 a5 8. Nc3 Nge7 9. Bd3 Ng6 10. h4 Bd7 11. h5 Nge7 12. Na4 Qa7 13. Nc5 h6 14. Nxd7 Kxd7 15. g4 a4 16. Be3 Qb6 17. Rb1 Qb3 18. Qxb3 axb3 19. Nd2 Na5 20. Bb5+ Nec6 21. Ba4 Be7 22. Bxb3 b5 23. Bc2 Rhb8 24. Ke2 b4 25. a4 Nc4 26. b3 Na3 27. Rbc1 Nxc2 28. Rxc2 Rc8 29. Rhc1 Na5 30. Rxc8 Rxc8 31. Rxc8 Kxc8 32. f4 Kd7 33. g5 hxg5 34. fxg5 Ke8 35. h6 gxh6 36. gxh6 Kf8 37. Kf3 Kg8 38. Kg4 Nc6 39. Kh5 Kh7 40. Nf3 Na5 41. Bg5 Bxg5 42. Nxg5+ Kg8 43. h7+ Kg7 44. Nxf7 Kxh7 45. Nd8 Nxb3 46. Nxe6 Kg8 47. Kg6 Na5 48. Nf4 b3 49. Nxd5 b2 50. Nc3 Kf8 51. Kf5 Nc4 52. d5 Ke7 53. d6+ Kd7 54. Kf6 Nxd6 55. e6+ Kd8 56. Nb1 Ne4+ 57. Ke5 Nc5 58. a5 Ke7 1/2-1/2